|
|
|
|
| LEADER |
00000nab a2200000uu 4500 |
| 001 |
vtls011138265 |
| 003 |
SK-MaSNL |
| 005 |
20260304235558.0 |
| 008 |
230218|2010 xo |||||||||||||||||slo| |
| 015 |
|
|
|a SNBRB
|
| 035 |
|
|
|a (urnnbn)urn:nbn:sk:snk:ar-007uuj
|
| 035 |
|
|
|a (uuid)10ee61b0-95c6-464b-8529-659e49365658
|
| 035 |
|
|
|a urn:nbn:sk:snk-abaqp6
|
| 040 |
|
|
|a SNKBUCL
|b slo
|c SNKBUCL
|e AACR2
|
| 041 |
0 |
|
|a slo
|
| 044 |
|
|
|a xo
|c SK
|
| 100 |
1 |
|
|a Podracká, Ľudmila,
|d 1955-
|4 aut
|9 9758
|
| 245 |
1 |
0 |
|a Akútne poškodenie obličiek (AKI) u detí - liečba a prognóza
|c Ľ. Podracká, M. Mráz
|
| 700 |
1 |
|
|a Mráz, Martin,
|d 1978-
|4 aut
|9 262838
|
| 773 |
0 |
|
|t Československá pediatrie : časopis Pediatrické společnosti časopis Československé pediatrické společnosti, sekce Československé lékařské společnosti J.E. Purkyně ; časopis České a Slovenské pediatrické společnosti
|g Roč. 65, č. 3 (2010), s. 132-140
|
| 954 |
|
|
|a odborná, vedecká literatúra pôvodná (slovenská)
|2 lita
|
| 958 |
|
|
|a OND
|
| 958 |
|
|
|a EUIPO
|
| 958 |
|
|
|a article14
|
| 999 |
|
|
|c 3209521
|d 3211451
|